Progressively Smaller Midwest Cities - Statistics

General Stats
  • This quiz has been taken 60 times
  • The average score is 70 of 100
Answer Stats
Hint Letter: Answer % Correct
Lies on the Coast of Lake Michigan in Illinois C Chicago
100%
City that lies in Central Ohio C Columbus
100%
Named after its State I Indianapolis
100%
Michigan City nicknamed "The Motor City" D Detroit
98%
Shares a name with a state, despite being in Missouri K Kansas City
98%
Capital of Wisconsin M Madison
98%
Wisconsin City lying north of (Illinois Largest City) M Milwaukee
98%
One of the Twin Cities in Minnesota M Minneapolis
98%
Capital of Minnesota, one of the Twin Cities S Saint Paul
98%
Ohio City lying on the Ohio River C Cincinnati
96%
Ohio City on Lake Erie C Cleveland
96%
Capital of Iowa D Des Moines
96%
Capital of Nebraska L Lincoln
96%
Nebraska City with a famous Zoo O Omaha
96%
Lies near the Confluence of the Mississippi and Missouri S Saint Louis
96%
Ohio City that Michigan once claimed T Toledo
96%
City in South Kansas W Wichita
96%
Ohio City where LeBron James was Born A Akron
94%
City in Western Michigan G Grand Rapids
94%
Kansas City sharing name with a Missouri City that shares a name with a State K Kansas City
94%
Largest City in South Dakota S Sioux Falls
94%
Ohio City where the Balkan Peace Accords occured D Dayton
92%
Largest City in North Dakota F Fargo
92%
Second-Largest city in Indiana F Fort Wayne
92%
Capital of Kansas T Topeka
92%
Michigan College Town A Ann Arbor
90%
(Illinois Largest City) Suburb (shares name with Denver suburb) A Aurora
90%
Capital of North Dakota B Bismarck
86%
Second-Largest city in Iowa C Cedar Rapids
86%
Smallest City with an NFL Team G Green Bay
86%
(Illinois Largest City) Suburb J Joliet
86%
Capital of Michigan L Lansing
86%
Town near (Illinois Largest CIty) that many claim isn't a (Illinois Largest CIty) Suburb N Naperville
86%
Capital of Illinois S Springfield
86%
Minnesota City south of the Twin Cities R Rochester
84%
Lake Winnebago town with a Fruit in the name A Appleton
82%
Minnesota Port on Lake Superior D Duluth
82%
South Michigan Town K Kalamazoo
82%
Remove 2 Letters from a South African capital and you get this Illinois City P Peoria
82%
Missouri City in Ozark Mountains S Springfield
82%
Indiana City where Michael Jackson grew up G Gary
80%
Missouri Capital J Jefferson City
80%
North Illinois City (Not (Illinois Largest City) Suburb) R Rockford
80%
Indiana City just South of Michigan S South Bend
80%
Iowa Town sharing its name with Vermonts largest city B Burlington
78%
Wisconsin City meaning "Clear Water" E Eau Claire
78%
City in Southern Indiana E Evansville
78%
Wisconsin City on the Mississippi River (Spelled like a Sport) L La Crosse
78%
Kansas Town sharing a name with a NYC Borough M Manhattan
78%
Illinois Town named after a Presidents Middle Name (his dad was the 2nd president) Q Quincy
78%
Iowa town sharing a name with a famous Battle W Waterloo
78%
Wisconsin Town near the Illinois Border K Kenosha
76%
Missouri Town just north of the Capital C Columbia
74%
Ohio Town near the Pennsylvania Border Y Youngstown
74%
Iowa Town on the Mississippi River D Davenport
72%
Central North Dakota town M Minot
72%
(Illinois Largest City) Suburb (North of (Illinois Largest City)) E Evanston
70%
Missouri Town struck by a tornado in 2011 J Joplin
70%
Indiana City south of (Indiana Capital) B Bloomington
68%
(Michigans Largest City) Suburb D Dearborn
68%
Michigan Town on the Upper Peninsula M Marquette
68%
Lake Winnebago town that names a famous Store O Oshkosh
68%
Capital of South Dakota P Pierre
68%
North Dakota town north of Fargo G Grand Forks
66%
Wisconsin Town just north of Illinois (On Lake Michigan) R Racine
66%
Start of the Oregon Trail I Independence
64%
Twin Cities suburb that contains the Mall of America B Bloomington
62%
Iowa Town near the Illinois-Wisconsin Border D Dubuque
62%
Indiana Town sharing a name with a Famous Beach K Kokomo
60%
Kansas Town just East of Topeka L Lawrence
60%
City on the northern Lower Peninsula in Michigan T Traverse City
60%
(Illinois Largest City) Suburb/Exurb near the Wisconsin Border W Waukegan
60%
Indianapolis Suburb with lots of Roundabouts C Carmel
58%
Nebraska Town sharing a name with a 1066 battle H Hastings
58%
Minnesota town Northwest of the Twin Cities S Saint Cloud
58%
Iowa Suburb of a Nebraska City C Council Bluffs
56%
Missouri Town who shares a name with a Carthaginian General H Hannibal
56%
Indiana Town on Lake Michigan M Michigan City
50%
Michigan Town sharing its name with a Car C Cadillac
48%
Declining illinois town where the Ohio and Mississippi meet C Cairo
48%
This small town in Ohio was nearby a 2023 Train Derailment that spread dangerous chemicals in the region E East Palestine
46%
Missouri Town where Eminem was born S Saint Joseph
46%
Indiana Suburb of (Illinois Largest City) E East Chicago
44%
Wisconsin City that is dubbed "Waterpark Capital of the World" W Wisconsin Dells
44%
The only Muslim-Majority city in the USA H Hamtramck
42%
Missouri Gambling Town in the Ozark Mountains B Branson
40%
Missouri Town on the Mississippi River C Cape Girardeau
40%
(West Missouri Largest City) suburb L Lees Summit
40%
(Iowa Capital) Suburb, holds the HQ of Casey's A Ankeny
38%
Town in East-Central Kansas E Emporia
30%
Western Town in South Dakotas Black Hills D Deadwood
28%
South Dakota town with a famous Drug Store W Wall
28%
Nebraska Town with only 1 Resident M Monowi
26%
Nebraska Town sharing a name with an Aquifer O Ogallala
24%
Illinois Town where the Worlds Tallest Man is from A Alton
20%
Former Medieval town in Illinois (Now a historical site) C Cahokia
20%
Ohio Town that was once terrorised by Mysterious Letters C Circleville
16%
(Iowa Capital) Suburb experiencing Rapid Growth W Waukee
16%
Ohio Town where a Humanoid Frog was supposedly spotted L Loveland
12%
Iowa Town with a famous Murder House V Villisca
12%
No matching quizzes found
Score Distribution
Percent of People with Each Score
Percentile by Number Answered
Your Score History
You have not taken this quiz